Eastern Utah Libraries Catalog: Duchesne, Heber, Roosevelt, & Vernal

Don Quixote / (Record no. 259933)

MARC details
000 -LEADER
fixed length control field 01099pam a22003614a 4500
001 - CONTROL NUMBER
control field ocm51848364
003 - CONTROL NUMBER IDENTIFIER
control field OCoLC
005 - DATE AND TIME OF LATEST TRANSACTION
control field 20200320180328.0
008 - FIXED-LENGTH DATA ELEMENTS--GENERAL INFORMATION
fixed length control field 030305s2003 nyu 000 1 eng
010 ## - LIBRARY OF CONGRESS CONTROL NUMBER
LC control number 2003045216
020 ## - INTERNATIONAL STANDARD BOOK NUMBER
International Standard Book Number 0060188707 (alk. paper)
020 ## - INTERNATIONAL STANDARD BOOK NUMBER
Terms of availability 29.95
035 ## - SYSTEM CONTROL NUMBER
System control number ()37787
040 ## - CATALOGING SOURCE
Original cataloging agency DLC
Transcribing agency DLC
Modifying agency YDX
-- WACOL
041 1# - LANGUAGE CODE
Language code of text/sound track or separate title eng
Language code of original and/or intermediate translations of text spa
042 ## - AUTHENTICATION CODE
Authentication code pcc
049 ## - LOCAL HOLDINGS (OCLC)
Holding library WACL
050 00 - LIBRARY OF CONGRESS CALL NUMBER
Classification number PQ6329
Item number .A2 2003b
082 00 - DEWEY DECIMAL CLASSIFICATION NUMBER
Classification number 863/.3
Edition number 21
092 ## - LOCALLY ASSIGNED DEWEY CALL NUMBER (OCLC)
Classification number F
Item number Cer
100 1# - MAIN ENTRY--PERSONAL NAME
Personal name Cervantes Saavedra, Miguel de,
Dates associated with a name 1547-1616.
9 (RLIN) 9496
240 10 - UNIFORM TITLE
Uniform title <a href="Don Quixote.">Don Quixote.</a>
Language of a work English
245 10 - TITLE STATEMENT
Title Don Quixote /
Statement of responsibility, etc Miguel de Cervantes ; a new translation by Edith Grossman ; introduction by Harold Bloom.
250 ## - EDITION STATEMENT
Edition statement 1st ed.
260 ## - PUBLICATION, DISTRIBUTION, ETC. (IMPRINT)
Place of publication, distribution, etc New York :
Name of publisher, distributor, etc Ecco,
Date of publication, distribution, etc c2003.
300 ## - PHYSICAL DESCRIPTION
Extent xxxv, 940 p. ;
Dimensions 25 cm.
700 1# - ADDED ENTRY--PERSONAL NAME
Personal name Grossman, Edith,
Dates associated with a name 1936-
9 (RLIN) 26613
700 1# - ADDED ENTRY--PERSONAL NAME
Personal name Bloom, Harold.
9 (RLIN) 6080
942 ## - ADDED ENTRY ELEMENTS (KOHA)
Koha item type BOOK
948 ## - LOCAL PROCESSING INFORMATION (OCLC); SERIES PART DESIGNATOR (RLIN)
Series part designator, SPT (RLIN) 05/11/2004
z (OCLC) Sirsi
994 ## -
-- 02
-- WACOL
996 ## -
-- 37787
-- 34301000402711
-- F
-- BK
-- WCL
-- i
-- 18
-- 29.95
-- Amazon.com
-- Cer
-- 02/13/2004
-- 12/05/2019
-- 11/25/2019
Holdings
Withdrawn status Lost status Source of classification or shelving scheme Damaged status Not for loan Collection code Home library Current library Shelving location Date acquired Source of acquisition Cost, normal purchase price Total Checkouts Total Renewals Full call number Barcode Date last seen Date checked out Cost, replacement price Price effective from Koha item type
    Dewey Decimal Classification     Fiction Wasatch County Library Wasatch County Library First Floor 02/13/2004 Amazon 29.95 32 10 F Cervantes 34301000402711 11/21/2025 09/12/2025 29.95 03/20/2020 BOOK
This project was made possible through a grant from the Institute of Museum and Library Service administered by the Utah State Library Division.

Wasatch County Library

  • 465 East 1200 South, Heber City, Utah 84032
  • Phone 435-654-1511 | Fax 435-654-6456

Hours

  • Monday - Friday 9:30 AM - 8:00 PM
  • Saturday 9:30 AM - 1:30 PM
  • Closed Sundays and Holidays